Missing Word: Doctor Who Quiz Stats

 Plays Quiz Updated Oct 25, 2012

Support Sporcle.
Go Orange.
Score 0/14 Timer 03:00
0 Plays Today
Hint Missing Word % Correct
___ Screw DriverSonic
95.8%
____ LordTime
94.6%
Matt ____Smith
93.8%
____ TennantDavid
93.6%
Captain ____ HarknessJack
90.4%
Weeping ____Angels
88.8%
Rose ____Tyler
86.4%
Hint Missing Word % Correct
Bad ____Wolf
86.2%
Time And Relative ____ In SpaceDimension
83.8%
'Harriet ____, Prime Minister.'Jones
75.3%
____-y!Allons
70.1%
The ____ PaperPsychic
66.3%
Planet of the ____Dead
55.8%
'Well isn't that ____'Wizard
23.3%

Today's Daily Dose

Word Ladder
Math Aid

Get the Picture
Warrior Women

You're not logged in!

Compare scores with friends on all Sporcle quizzes.
OR
Log In
Forgot?

From the Vault

Oscar Best Actress (1970s)

by minshkins

Movies 4m
If you need to update your movie watch list might as well update it with ones that star Oscar winners.
Remove Ads.
Support Sporcle.
Get the best of Sporcle when you Go Orange. This ad-free experience offers more features, more stats, and more fun while also helping to support Sporcle. Thank you for becoming a member.

Show Comments

Extras

Top Quizzes Today


Score Distribution

Your Account Isn't Verified!

In order to create a playlist on Sporcle, you need to verify the email address you used during registration. Go to your Sporcle Settings to finish the process.

Report this User

Report this user for behavior that violates our Community Guidelines.

Details: